Do lesíčka na čekanou : Ta naše písnička česká

Bibliographic Details
Main Authors: Pikart, Ladislav, 1930-1980 (Adapter), Hašler, Karel, 1879-1941 (Composer)
Corporate Authors: Sbor Lubomíra Pánka (Performer), Orchestr Ladislava Štaidla (Performer), Sbor Pavla Kühna (Performer)
Other Authors: Slováček, Felix, 1943- (Musician)
Format: CD Audio
Language:Czech
PhysicalDescription:1 gramofónová platňa 18 cm
Published: [Praha] Supraphon [1975]
Subjects:

MARC

LEADER 00000njm a2200000 4500
001 vtls011973415
003 SK-MaSNL
005 20260331212453.0
007 sd cszc p
008 200611s1975 xr sgz g 0 0 cze
028 0 1 |a 1 43 1895  |b Supraphon 
028 1 3 |a H 0681/C A  |b Supraphon 
028 1 3 |a H 0682/A B  |b Supraphon 
040 |a SNK  |b slo  |c SNK  |e rda 
041 0 |a cze 
044 |a xr  |c CZ 
072 7 |a 78.011.26  |x Populárna hudba. Populárne piesne. Populárna tanečná hudba  |2 konspekt 
080 |a 78.03.011.26  |2 2011 
080 |a (086.72)  |2 2011 
100 1 |a Slováček, Felix,  |d 1943-  |4 mus  |9 103411 
245 1 0 |a Do lesíčka na čekanou : Ta naše písnička česká  |c Felix Slováček 
264 1 |a [Praha]  |b Supraphon  |c [1975] 
264 4 |c Ⓟ1975 
300 |a 1 gramofónová platňa  |c 18 cm 
336 |a hraná hudba  |b prm  |2 rdacontent 
337 |a audio  |b s  |2 rdamedia 
338 |a iný  |b z  |2 rdacarrier 
340 |a vinyl  |a rda 
344 |a analog  |c 45 ot/min  |g stereo  |2 rda 
500 |a Platňa obsahuje 2 piesne 
500 |a Názov prevzatý z obalu 
500 |a Miesto vydania podľa vydavateľa 
500 |a Do lesíčka na čekanou - česká ľudová pieseň 
650 0 7 |a populárna hudba  |2 SNKPH  |9 3428 
650 0 7 |a Popular music  |2 SNKPHeng  |9 90436 
655 7 |a gramofónové platne  |2 SNKPH  |9 74608 
655 7 |a Gramophone records  |2 SNKPHeng  |9 286457 
700 1 |a Pikart, Ladislav,  |d 1930-1980  |4 adp  |9 134879 
700 1 |a Hašler, Karel,  |d 1879-1941  |4 cmp  |9 106726 
710 2 |a Sbor Lubomíra Pánka  |4 prf  |9 35275 
710 2 |a Orchestr Ladislava Štaidla  |4 prf  |9 34435 
710 2 |a Sbor Pavla Kühna  |4 prf  |9 397756 
740 0 2 |a Do lesíčka na čekanou  |h zvukový dokument 
740 0 2 |a Ta naše písnička česká  |h zvukový dokument 
999 |c 1123213  |d 1125143 
952 |a SNK  |b SNK  |y PREZ  |7 0  |p 17A1418654  |o snkST 119  |i snk6048/76  |0 0  |1 0  |4 0  |d 2020-06-11  |l 0  |r 2026-02-24 18:37:38  |w 2026-02-24